000 00453nam a2200157 i 4500
001 51394
003 ES-MaACL
005 20230906162343.0
007 t|
008 030812s1955 sp ||||1| spa d
100 1 _aDaiber, M. B.
_942453
245 1 0 _aManual de estudios bíblicos católicos /
_cM.B. Daiber.
260 _aMadrid :
_bFé Católica,
_c[1955] (
_eGranada :
_fPiñar)
300 _a309 p. ;
_c24 cm.
852 _aES-MaACL
_jC-10068
_bR.38239
999 _c51394
_d51394